[Event "Bundesliga 1617"]
[Site "Germany"]
[Date "2016.11.19"]
[Round "3.4"]
[White "Haslinger, Stewart"]
[Black "Wagner, Dennis"]
[Result "0-1"]
[WhiteElo "2521"]
[BlackElo "2543"]
[PlyCount "126"]
[EventDate "2016.10.15"]
[EventType "team-tourn"]
[EventRounds "15"]
[EventCountry "GER"]
[SourceTitle "CBM 176"]
[Source "ChessBase"]
[SourceDate "2017.01.17"]
[SourceVersion "1"]
[SourceVersionDate "2017.01.17"]
[SourceQuality "1"]
[WhiteTeam "Trier"]
[BlackTeam "Hockenheim"]
[WhiteTeamCountry "GER"]
[BlackTeamCountry "GER"]

1. e4 e5 2. Nf3 Nc6 3. Bc4 Bc5 4. c3 Nf6 5. d3 a6 6. Nbd2 0-0 7. 0-0 d6 8. Bb3 Ba7 9. h3 h6 10. Re1 Be6 11. Nf1 d5 12. exd5 Nxd5 13. N1h2 Qd6 14. Ng4 Bxg4 15. hxg4 Nf6 16. Nh4 Rad8 17. d4 exd4 18. Nf5 Qd7 19. Qf3 Nh7 20. Bf4 d3 21. Rad1 Rfe8 22. Rxe8+ Qxe8 23. Bxh6 Ne5 24. Qxb7 Bxf2+ 25. Kxf2 Nxg4+ 26. Kg3 Qe5+ 27. Bf4 Qxf5 28. Qxc7 Rf8 29. Bc4 Ngf6 30. Kf2 g5 31. Bxd3 Qxf4+ 32. Qxf4 gxf4 33. Kf3 a5 34. Kxf4 Rb8 35. Rd2 Nf8 36. Bc4 Kg7 37. Re2 Rc8 38. Bb3 Ng6+ 39. Kf3 Rc5 40. g3 Rf5+ 41. Kg2 Rg5 42. Re3 Nh4+ 43. Kh3 Nf5 44. Rf3 Rh5+ 45. Kg2 Ng4 46. Kg1 Ne5 47. Rf2 Nxg3 48. Rg2 Rg5 49. Kh2 Nf1+ 50. Kg1 Rxg2+ 51. Kxg2 Ne3+ 52. Kg3 N3c4 53. Kf4 Nd3+ 54. Ke4 Ndxb2 55. Kd4 Na3 56. Kc5 f5 57. Bd5 Kf6 58. Kb6 Ke5 59. Bb7 Nbc4+ 60. Kc5 Kf4 61. Kd4 Kg3 62. Kd3 f4 63. Ke2 Ne5 0-1

[Event "Bundesliga 1516"]
[Site "Germany"]
[Date "2016.04.23"]
[Round "14.4"]
[White "Haslinger, Stewart"]
[Black "Farago, Ivan"]
[Result "1-0"]
[WhiteElo "2515"]
[BlackElo "2402"]
[PlyCount "119"]
[EventDate "2015.09.18"]
[EventType "team-tourn"]
[EventRounds "15"]
[EventCountry "GER"]
[SourceTitle "CBM 172"]
[Source "ChessBase"]
[SourceDate "2016.05.12"]
[SourceVersion "1"]
[SourceVersionDate "2016.05.12"]
[SourceQuality "1"]
[WhiteTeam "Trier"]
[BlackTeam "Griesheim"]
[WhiteTeamCountry "GER"]
[BlackTeamCountry "GER"]

1. e4 e6 2. d4 d5 3. Nd2 Nf6 4. e5 Nfd7 5. Bd3 c5 6. c3 Nc6 7. Ne2 Qb6 8. Nf3 cxd4 9. cxd4 f6 10. exf6 Nxf6 11. 0-0 Bd6 12. b3 Qc7 13. Bb2 0-0 14. Ng3 Bd7 15. Re1 Qb6 16. Ng5 Rae8 17. Nh5 Re7 18. Nxf6+ gxf6 19. Nxh7 Rxh7 20. Bxh7+ Kxh7 21. Re3 Kg7 22. Qg4+ Kf7 23. Rh3 Ke7 24. Rh7+ Rf7 25. Rxf7+ Kxf7 26. Qh5+ Kg7 27. Bc1 Kf8 28. Qh8+ Kf7 29. Bh6 Qd8 30. Qh7+ Ke8 31. Qg6+ Ke7 32. Qh7+ Ke8 33. Bg7 Bc8 34. Qg6+ Kd7 35. Bxf6 Be7 36. Qg7 Qf8 37. Qxf8 Bxf8 38. f4 Ke8 39. Kf2 Kf7 40. Be5 Bd7 41. Rc1 Ke7 42. h4 Be8 43. g4 Bg6 44. b4 a6 45. a4 Bd3 46. Ke3 Bc4 47. Rb1 Kf7 48. b5 axb5 49. axb5 Nxe5 50. fxe5 Be7 51. g5 Kg6 52. b6 Kh5 53. Rg1 Bf8 54. Ra1 Bb5 55. Ra8 Be7 56. Rh8+ Kg6 57. Rh6+ Kf7 58. g6+ Kf8 59. Rh8+ Kg7 60. Rh7+ 1-0

[Event "Dieren op"]
[Site "Dieren"]
[Date "2015.07.29"]
[Round "8"]
[White "Van Foreest, Jorden"]
[Black "Haslinger, Stewart"]
[Result "1-0"]
[WhiteElo "2514"]
[BlackElo "2526"]
[PlyCount "75"]
[EventDate "2015.07.21"]
[EventType "swiss"]
[EventRounds "9"]
[EventCountry "NED"]
[SourceTitle "CBM 167 Extra"]
[Source "ChessBase"]
[SourceDate "2015.09.14"]
[SourceVersion "1"]
[SourceVersionDate "2015.09.14"]
[SourceQuality "1"]

1. e4 e5 2. Nf3 Nc6 3. Bb5 a6 4. Ba4 Nf6 5. 0-0 Be7 6. d3 d6 7. c3 0-0 8. Nbd2 Nd7 9. Bc2 Nb6 10. b4 d5 11. Bb2 Be6 12. a4 f6 13. b5 dxe4 14. Nxe4 Na5 15. c4 Bb4 16. Ba3 Bxa3 17. Rxa3 Qe7 18. Qa1 axb5 19. cxb5 Nd5 20. Re1 Nb4 21. Bb1 Rfd8 22. Ned2 Qd6 23. Qc3 Nd5 24. Qc1 b6 25. d4 Nf4 26. dxe5 fxe5 27. Rae3 Bf7 28. Rxe5 Ng6 29. R5e3 Qf4 30. Re4 Qd6 31. Qb2 c5 32. Ba2 Qf6 33. Bxf7+ Qxf7 34. h4 Qd5 35. Re7 Nxe7 36. Rxe7 Qd4 37. Nxd4 Rxd4 38. Nf3 1-0

[Event "Dieren op"]
[Site "Dieren"]
[Date "2015.07.24"]
[Round "4"]
[White "Lopez, Jasel"]
[Black "Haslinger, Stewart"]
[Result "0-1"]
[WhiteElo "2210"]
[BlackElo "2526"]
[PlyCount "48"]
[EventDate "2015.07.21"]
[EventType "swiss"]
[EventRounds "9"]
[EventCountry "NED"]
[SourceTitle "CBM 167 Extra"]
[Source "ChessBase"]
[SourceDate "2015.09.14"]
[SourceVersion "1"]
[SourceVersionDate "2015.09.14"]
[SourceQuality "1"]

1. d4 d6 2. c4 e5 3. Nc3 exd4 4. Qxd4 Nc6 5. Qd2 Nf6 6. b3 a5 7. Bb2 a4 8. Nxa4 d5 9. 0-0-0 dxc4 10. Qxd8+ Nxd8 11. e4 Be6 12. Bxf6 gxf6 13. Kb2 Nc6 14. f4 cxb3 15. axb3 Na5 16. Bb5+ c6 17. Nb6 Bxb3 18. Ra1 Ra7 19. Rc1 cxb5 20. Rc8+ Ke7 21. Nf3 Ra6 22. Ra1 Be6 23. Rc7+ Kd8 24. Rxb7 Rxb6 0-1

[Event "Delft Prinsenstad op-A 8th"]
[Site "Delft"]
[Date "2015.04.04"]
[Round "4"]
[White "Haslinger, Stewart"]
[Black "Van Dijk, Harold"]
[Result "1-0"]
[WhiteElo "2526"]
[BlackElo "2273"]
[PlyCount "63"]
[EventDate "2015.04.03"]
[EventType "swiss"]
[EventRounds "6"]
[EventCountry "NED"]
[SourceTitle "CBM 165 Extra"]
[Source "ChessBase"]
[SourceDate "2015.04.21"]
[SourceVersion "1"]
[SourceVersionDate "2015.04.21"]
[SourceQuality "1"]

1. e4 Nc6 2. Nf3 e5 3. Bc4 Nf6 4. d3 Be7 5. 0-0 d6 6. a4 h6 7. Re1 Bg4 8. c3 Qd7 9. Nbd2 g5 10. a5 a6 11. Nf1 Bh5 12. Ng3 Bg6 13. d4 exd4 14. Nxd4 Nxd4 15. Qxd4 c5 16. Qd1 Ng4 17. f4 gxf4 18. Bxf4 Bg5 19. e5 dxe5 20. Bxg5 hxg5 21. h3 Qxd1 22. Raxd1 Nf6 23. Rxe5+ Kf8 24. Rxg5 Rc8 25. Rd6 Ne8 26. Rd7 Rh4 27. Rxg6 Rxc4 28. Rb6 Rb8 29. Nf5 Ng7 30. Rh6 Kg8 31. Ne7+ Kf8 32. Rh8# 1-0

[Event "Seville op 39th"]
[Site "Seville"]
[Date "2014.01.18"]
[Round "9"]
[White "Haslinger, Stewart"]
[Black "Turov, Maxim"]
[Result "0-1"]
[WhiteElo "2548"]
[BlackElo "2586"]
[PlyCount "84"]
[EventDate "2014.01.10"]
[EventType "swiss"]
[EventRounds "9"]
[EventCountry "ESP"]
[SourceTitle "CBM 158 Extra"]
[Source "ChessBase"]
[SourceDate "2014.02.28"]
[SourceVersion "1"]
[SourceVersionDate "2014.02.28"]
[SourceQuality "1"]

1. e4 c6 2. d4 d5 3. e5 Bf5 4. Nf3 e6 5. Be2 Ne7 6. 0-0 h6 7. Nbd2 Nd7 8. Nb3 g5 9. Ne1 Qc7 10. f4 0-0-0 11. fxg5 hxg5 12. g4 Bg6 13. Bxg5 c5 14. c3 f6 15. Bxf6 Nxf6 16. Rxf6 Nc6 17. Ng2 Qh7 18. h4 c4 19. Nd2 Be7 20. Qf1 Bxf6 21. Qxf6 Rde8 22. h5 Bd3 23. Bf3 Rhf8 24. Qh4 Rg8 25. g5 Ref8 26. Bg4 Kd7 27. g6 Bxg6 28. hxg6 Qxh4 29. Nxh4 Rf4 30. Bxe6+ Kxe6 31. Nhf3 Rxg6+ 32. Kf2 Rfg4 33. b3 b5 34. bxc4 bxc4 35. Rb1 Rg2+ 36. Kf1 R6g3 37. Rb7 Rxd2 38. Nxd2 Rxc3 39. a4 Nxd4 40. Rxa7 Rd3 41. Nxc4 dxc4 42. Rc7 c3 0-1

[Event "Hoogeveen Unive op 17th"]
[Site "Hoogeveen"]
[Date "2013.10.26"]
[Round "9"]
[White "Haslinger, Stewart"]
[Black "Rodshtein, Maxim"]
[Result "1/2-1/2"]
[WhiteElo "2543"]
[BlackElo "2664"]
[PlyCount "142"]
[EventDate "2013.10.18"]
[EventType "swiss"]
[EventRounds "9"]
[EventCountry "NED"]
[SourceTitle "EXT 2014"]
[Source "ChessBase"]
[SourceDate "2013.11.20"]
[SourceVersion "1"]
[SourceVersionDate "2013.11.20"]
[SourceQuality "1"]

1. e4 c5 2. Nf3 e6 3. d4 cxd4 4. Nxd4 Nc6 5. Nc3 Qc7 6. f4 a6 7. Nxc6 bxc6 8. Bd3 d5 9. 0-0 Nf6 10. Kh1 Be7 11. Qf3 Bb7 12. f5 e5 13. Qg3 d4 14. Nb1 c5 15. Nd2 0-0 16. Re1 Ne8 17. Nc4 Bf6 18. a4 Nd6 19. Bg5 Bxg5 20. Qxg5 h6 21. Qh4 Qd8 22. Qh5 Qf6 23. Nxd6 Qxd6 24. Bc4 Qf6 25. Ra3 Kh7 26. Rh3 a5 27. Kg1 Rad8 28. g4 g5 29. fxg6+ Qxg6 30. Qxe5 Rde8 31. Qxc5 Bxe4 32. Qxd4 Bxc2 33. Rxe8 Rxe8 34. Rf3 f5 35. Qd7+ Kh8 36. Qd4+ Kh7 37. h3 Qg5 38. Bd3 Re1+ 39. Rf1 Qh4 40. Qd7+ Re7 41. Bxf5+ Bxf5 42. Qxf5+ Kg7 43. Qf8+ Kh7 44. Qf5+ Kg7 45. Qf3 Rd7 46. Qf8+ Kh7 47. Qf5+ Kh8 48. Qf6+ Qxf6 49. Rxf6 Kg7 50. Rf5 Rd1+ 51. Kf2 Rd2+ 52. Ke1 Rxb2 53. Rxa5 Ra2 54. h4 Rg2 55. g5 h5 56. Ra7+ Kg6 57. Ra6+ Kg7 58. Rh6 Ra2 59. Rxh5 Rxa4 60. Kf2 Ra6 61. Ke3 Rd6 62. Ke4 Ra6 63. Ke5 Rb6 64. Kf5 Ra6 65. Ke5 Rb6 66. Kd5 Ra6 67. Kc5 Re6 68. Kd5 Ra6 69. Kc4 Rc6+ 70. Kb5 Re6 71. Kc5 Ra6 1/2-1/2

[Event "Hoogeveen Unive op 17th"]
[Site "Hoogeveen"]
[Date "2013.10.21"]
[Round "4"]
[White "Haslinger, Stewart"]
[Black "Levin, Felix"]
[Result "1/2-1/2"]
[WhiteElo "2543"]
[BlackElo "2480"]
[PlyCount "90"]
[EventDate "2013.10.18"]
[EventType "swiss"]
[EventRounds "9"]
[EventCountry "NED"]
[SourceTitle "EXT 2014"]
[Source "ChessBase"]
[SourceDate "2013.11.20"]
[SourceVersion "1"]
[SourceVersionDate "2013.11.20"]
[SourceQuality "1"]

1. e4 e5 2. Nf3 Nc6 3. d4 exd4 4. Nxd4 Nf6 5. Nxc6 bxc6 6. e5 Qe7 7. Qe2 Nd5 8. c4 Ba6 9. Nd2 g6 10. Nf3 Qb4+ 11. Kd1 Nb6 12. b3 Bg7 13. Qd2 Qxd2+ 14. Bxd2 0-0 15. c5 Bxf1 16. Rxf1 Nd5 17. Rc1 Rfe8 18. Re1 h6 19. Rc4 Kf8 20. Re2 Ke7 21. Ne1 Kd8 22. Nd3 Kc8 23. g4 Kb7 24. f4 f6 25. exf6 Bxf6 26. Rce4 Rf8 27. Kc2 Rf7 28. g5 Bg7 29. gxh6 Bxh6 30. Ne5 Rg7 31. Nc4 a6 32. Ne3 Rf7 33. Nxd5 cxd5 34. Re7 Raf8 35. Rxf7 Rxf7 36. f5 Bxd2 37. fxg6 Rg7 38. Rxd2 Rxg6 39. Rxd5 Kc6 40. Rd2 Rh6 41. b4 a5 42. a3 Rh3 43. Kb2 axb4 44. axb4 Kb5 45. Rxd7 Kxb4 1/2-1/2

[Event "Balaguer op 18th"]
[Site "Balaguer"]
[Date "2013.07.23"]
[Round "9"]
[White "Kovacevic, Slobodan"]
[Black "Haslinger, Stewart"]
[Result "1-0"]
[WhiteElo "2332"]
[BlackElo "2553"]
[PlyCount "74"]
[EventDate "2013.07.15"]
[EventType "swiss"]
[EventRounds "9"]
[EventCountry "ESP"]
[SourceTitle "EXT 2014"]
[Source "ChessBase"]
[SourceDate "2013.11.20"]
[SourceVersion "1"]
[SourceVersionDate "2013.11.20"]
[SourceQuality "1"]

1. d4 d5 2. Bf4 Nf6 3. e3 c5 4. c3 Nc6 5. Nd2 Bf5 6. Qb3 Qd7 7. Ngf3 c4 8. Qd1 e6 9. Be2 b5 10. a3 Bd6 11. Nh4 0-0 12. Nxf5 exf5 13. 0-0 a5 14. Bxd6 Qxd6 15. b3 a4 16. b4 Rae8 17. Re1 Re6 18. Qc2 Ne4 19. Nf1 Qe7 20. Bf3 Re8 21. Ng3 Qg5 22. Ne2 Rh6 23. Nf4 Qh4 24. h3 Ne7 25. g3 Qf6 26. h4 g5 27. hxg5 Qxg5 28. Bg2 Kh8 29. Rac1 Rg8 30. Qe2 Nxg3 31. fxg3 Qxg3 32. Rc2 Qh2+ 33. Kf1 Rg3 34. Qf2 Rh4 35. Qg1 Rf3+ 36. Rf2 Rxf2+ 37. Kxf2 Rxf4+ 1-0

[Event "Bundesliga 1213"]
[Site "Germany"]
[Date "2013.04.07"]
[Round "15.4"]
[White "Haslinger, Stewart"]
[Black "Balogh, Csaba"]
[Result "1/2-1/2"]
[WhiteElo "2535"]
[BlackElo "2664"]
[PlyCount "45"]
[EventDate "2012.10.20"]
[EventType "team-tourn"]
[EventRounds "15"]
[EventCountry "GER"]
[SourceTitle "CBM 154"]
[Source "ChessBase"]
[SourceDate "2013.05.15"]
[SourceVersion "1"]
[SourceVersionDate "2013.05.15"]
[SourceQuality "1"]
[WhiteTeam "Trier"]
[BlackTeam "Eppingen"]
[WhiteTeamCountry "GER"]
[BlackTeamCountry "GER"]

1. e4 c5 2. Nf3 e6 3. d4 cxd4 4. Nxd4 a6 5. Nc3 b5 6. Bd3 Qb6 7. Nf3 Qc7 8. 0-0 Bb7 9. Re1 Be7 10. Bd2 Nc6 11. Qe2 Nb4 12. a4 Nxd3 13. Qxd3 b4 14. Na2 a5 15. c3 bxc3 16. Nxc3 Nf6 17. Nb5 Qb8 18. Bg5 Ba6 19. Red1 Bxb5 20. axb5 0-0 21. e5 Nd5 22. Bxe7 Nxe7 23. Qxd7 1/2-1/2

[Event "Delft Prinsenstad op-A 6th"]
[Site "Delft"]
[Date "2013.03.31"]
[Round "4"]
[White "Smeets, Jan"]
[Black "Haslinger, Stewart"]
[Result "1-0"]
[WhiteElo "2627"]
[BlackElo "2547"]
[PlyCount "119"]
[EventDate "2013.03.29"]
[EventType "swiss"]
[EventRounds "6"]
[EventCountry "NED"]
[SourceTitle "EXT 2018"]
[Source "ChessBase"]
[SourceDate "2017.10.13"]
[SourceVersion "1"]
[SourceVersionDate "2017.10.13"]
[SourceQuality "1"]

1. e4 e5 2. Nf3 Nc6 3. Bb5 Nf6 4. 0-0 Nxe4 5. d4 Nd6 6. Bxc6 dxc6 7. dxe5 Nf5 8. Qxd8+ Kxd8 9. Nc3 Ke8 10. h3 h5 11. Rd1 Be7 12. Ne4 Be6 13. Nfg5 Bd5 14. b3 b5 15. Nc3 Rd8 16. Bf4 b4 17. Nxd5 Rxd5 18. Nf3 Rg8 19. g4 hxg4 20. hxg4 Nh4 21. Nxh4 g5 22. Bh2 gxh4 23. f3 Bc5+ 24. Kg2 Bd4 25. Rab1 Ke7 26. Rd3 h3+ 27. Kxh3 Rh8+ 28. Kg2 Bxe5 29. Bxe5 Rxe5 30. Kg3 Re2 31. Rd4 a5 32. Rc4 Rhh2 33. Rc1 Kd6 34. Rd1+ Ke7 35. Rc1 Kd6 36. c3 Rc2 37. Rd1+ Ke7 38. Re4+ Kf8 39. cxb4 axb4 40. Rxb4 Rxa2 41. Rd7 Rag2+ 42. Kf4 Rf2 43. Rc4 Rh6 44. Kg3 Rb2 45. Rf4 Rh7 46. b4 Ke8 47. Rxc7 Rh6 48. Rcxf7 Rxb4 49. Rf8+ Ke7 50. Rxb4 Kxf8 51. Rb7 Rh1 52. g5 c5 53. Rc7 Rc1 54. Kf4 c4 55. Kf5 c3 56. Kf6 Ke8 57. f4 Kd8 58. Rc4 c2 59. f5 Kd7 60. g6 1-0

[Event "Delft Prinsenstad op-A 6th"]
[Site "Delft"]
[Date "2013.03.30"]
[Round "3"]
[White "Haslinger, Stewart"]
[Black "Slingerland, Fred"]
[Result "1-0"]
[WhiteElo "2547"]
[BlackElo "2336"]
[PlyCount "89"]
[EventDate "2013.03.29"]
[EventType "swiss"]
[EventRounds "6"]
[EventCountry "NED"]
[SourceTitle "EXT 2018"]
[Source "ChessBase"]
[SourceDate "2017.10.13"]
[SourceVersion "1"]
[SourceVersionDate "2017.10.13"]
[SourceQuality "1"]

1. e4 c5 2. Nf3 d6 3. d4 Nf6 4. Nc3 cxd4 5. Nxd4 Nc6 6. Bg5 e6 7. Qd2 a6 8. 0-0-0 Bd7 9. f3 b5 10. Kb1 Be7 11. Be3 Ne5 12. f4 b4 13. fxe5 bxc3 14. Qxc3 Nxe4 15. Qe1 d5 16. Bd3 Nc5 17. Qg3 g6 18. Rhf1 Nxd3 19. Rxd3 h5 20. Qf2 Rh7 21. Bd2 Kf8 22. Rf3 Qe8 23. Qg3 Kg8 24. Bg5 Bb5 25. Rd1 Rc8 26. Bxe7 Qxe7 27. Rf6 Bd7 28. Rdf1 Rb8 29. b3 a5 30. Nf3 Rg7 31. Ng5 Be8 32. a4 Qa3 33. Qf3 Rb7 34. Nxe6 Bxa4 35. Nd4 Qc5 36. Qf4 Be8 37. e6 a4 38. Qe3 Kh7 39. Re1 axb3 40. cxb3 Rb4 41. Nf3 d4 42. Ng5+ Kh8 43. exf7 Bxf7 44. Nxf7+ Rxf7 45. Qe8+ 1-0

[Event "Delft Prinsenstad op-A 6th"]
[Site "Delft"]
[Date "2013.03.30"]
[Round "2"]
[White "Vistisen, Lars"]
[Black "Haslinger, Stewart"]
[Result "0-1"]
[WhiteElo "2172"]
[BlackElo "2547"]
[PlyCount "74"]
[EventDate "2013.03.29"]
[EventType "swiss"]
[EventRounds "6"]
[EventCountry "NED"]
[SourceTitle "EXT 2018"]
[Source "ChessBase"]
[SourceDate "2017.10.13"]
[SourceVersion "1"]
[SourceVersionDate "2017.10.13"]
[SourceQuality "1"]

1. e4 d6 2. d4 Nf6 3. Nc3 e5 4. Nf3 Nbd7 5. b3 c6 6. Bb2 Be7 7. g3 0-0 8. Bg2 b5 9. 0-0 Re8 10. Re1 Bb7 11. Qd2 Bf8 12. Nd1 Qb6 13. c4 bxc4 14. dxe5 dxe5 15. bxc4 Bb4 16. Nc3 Ba6 17. Bf1 Qc5 18. Qc2 Nb6 19. Nd2 Ng4 20. Nb3 Qe7 21. h3 Nf6 22. a3 Bxc3 23. Bxc3 Bxc4 24. Bxc4 Nxc4 25. Bb4 Qe6 26. Kg2 Nb6 27. Rac1 Rec8 28. Red1 Nxe4 29. Qxe4 Qxb3 30. Qxe5 Nd5 31. Bc5 Re8 32. Qd6 Re6 33. Qd7 Rg6 34. Re1 h6 35. Re8+ Rxe8 36. Qxe8+ Kh7 37. Qxf7 Ne3+ 0-1

[Event "Seville op 38th"]
[Site "Seville"]
[Date "2013.01.18"]
[Round "8"]
[White "Mirzoev, Azer"]
[Black "Haslinger, Stewart"]
[Result "1/2-1/2"]
[WhiteElo "2547"]
[BlackElo "2535"]
[PlyCount "113"]
[EventDate "2013.01.11"]
[EventType "swiss"]
[EventRounds "9"]
[EventCountry "ESP"]
[SourceTitle "CBM 152 Extra"]
[Source "ChessBase"]
[SourceDate "2013.02.25"]
[SourceVersion "1"]
[SourceVersionDate "2013.02.25"]
[SourceQuality "1"]

1. d4 d5 2. c4 e6 3. Nc3 Bb4 4. Qa4+ Nc6 5. e3 Nf6 6. Bd2 0-0 7. a3 Bxc3 8. Bxc3 e5 9. Nf3 exd4 10. Nxd4 Ne5 11. Nf3 Nxc4 12. Bxc4 dxc4 13. Rd1 Nd5 14. Qxc4 Be6 15. Qd4 Nxc3 16. Qxc3 Qe7 17. Nd4 Bg4 18. Rc1 Qg5 19. Qc5 Qxc5 20. Rxc5 Rac8 21. f3 b6 22. Rc3 c5 23. fxg4 cxd4 24. exd4 Rcd8 25. Rd3 Rfe8+ 26. Kf2 Re4 27. Rc1 Rxg4 28. Rc7 Kf8 29. d5 Rg5 30. d6 Rg6 31. Rc6 Re6 32. b4 g6 33. b5 Rd7 34. a4 h5 35. g3 Kg7 36. h4 Kf8 37. Kf3 Kg7 38. Kf4 Kf6 39. Rd4 Re5 40. Rc8 Re6 41. Rc7 Rdxd6 42. Rxd6 Rxd6 43. Rxa7 Rd4+ 44. Ke3 Rg4 45. Kf3 Ke6 46. Ra6 Ke5 47. Ra7 Ke6 48. a5 bxa5 49. Rxa5 Rb4 50. Kg2 f6 51. Kf3 g5 52. hxg5 fxg5 53. b6 Kf6 54. Ra6 Kf5 55. Ra5+ Kf6 56. Ra6 Kf5 57. Ra5+ 1/2-1/2

[Event "Seville op 38th"]
[Site "Seville"]
[Date "2013.01.15"]
[Round "5"]
[White "Haslinger, Stewart"]
[Black "Kjartansson, Gudmundur"]
[Result "1-0"]
[WhiteElo "2535"]
[BlackElo "2408"]
[PlyCount "113"]
[EventDate "2013.01.11"]
[EventType "swiss"]
[EventRounds "9"]
[EventCountry "ESP"]
[SourceTitle "CBM 152 Extra"]
[Source "ChessBase"]
[SourceDate "2013.02.25"]
[SourceVersion "1"]
[SourceVersionDate "2013.02.25"]
[SourceQuality "1"]

1. e4 d5 2. exd5 Qxd5 3. Nc3 Qd6 4. d4 Nf6 5. Nf3 a6 6. g3 Bg4 7. h3 Bh5 8. Bg2 Nc6 9. 0-0 e6 10. Bf4 Qb4 11. a3 Qb6 12. Na4 Qb5 13. b3 0-0-0 14. g4 Nxg4 15. hxg4 Bxg4 16. Re1 Qf5 17. Bg3 h5 18. Qd3 Qxd3 19. cxd3 Bxf3 20. Bxf3 Nxd4 21. Be4 Bd6 22. Rac1 f5 23. Bxd6 Rxd6 24. Bh1 g5 25. Nc5 c6 26. Rc4 Re8 27. Re5 Re7 28. b4 Kb8 29. a4 h4 30. Kh2 Ka7 31. a5 g4 32. Kg1 Rh7 33. Kf1 Rh6 34. Bg2 Rg6 35. Bh1 Rd8 36. Bd5 Rxd5 37. Rxd5 cxd5 38. Rxd4 h3 39. Kg1 Kb8 40. Nd7+ Kc7 41. Ne5 Kd6 42. Nxg6 e5 43. Ne7 exd4 44. Nxf5+ Ke5 45. Ng3 Kd6 46. Ne2 b6 47. axb6 Kc6 48. Nxd4+ Kxb6 49. Kh2 Kc7 50. f3 gxf3 51. Nxf3 Kc6 52. Nd4+ Kd6 53. Kxh3 Ke5 54. Ne2 Kf5 55. Kg3 Kg5 56. Kf3 Kf5 57. Ke3 1-0

[Event "Roosendaal LBV op-A"]
[Site "Roosendaal"]
[Date "2012.08.18"]
[Round "4"]
[White "Haslinger, Stewart"]
[Black "Van der Stricht, Geert"]
[Result "1-0"]
[WhiteElo "2524"]
[BlackElo "2403"]
[PlyCount "81"]
[EventDate "2012.08.16"]
[EventType "swiss"]
[EventRounds "6"]
[EventCountry "NED"]
[SourceTitle "CBM 150 Extra"]
[Source "ChessBase"]
[SourceDate "2012.10.19"]
[SourceVersion "1"]
[SourceVersionDate "2012.10.19"]
[SourceQuality "1"]

1. e4 c5 2. Nf3 d6 3. d4 cxd4 4. Nxd4 Nf6 5. Nc3 a6 6. Be3 Ng4 7. Bg5 h6 8. Bh4 g5 9. Bg3 Bg7 10. Be2 h5 11. Bxg4 hxg4 12. Nd5 Nc6 13. Nf5 Bxb2 14. Rb1 Bxf5 15. exf5 Qa5+ 16. Qd2 Bd4 17. Qxa5 Nxa5 18. c3 Bg7 19. 0-0 Kd7 20. Nb6+ Kc6 21. Nxa8 Rxa8 22. Rfe1 Kd7 23. Re4 Bxc3 24. Rxg4 b5 25. f4 gxf4 26. Bxf4 Nc4 27. h4 b4 28. h5 a5 29. h6 a4 30. Rg3 Bd4+ 31. Kf1 b3 32. axb3 a3 33. bxc4 a2 34. Rd1 a1Q 35. Rxa1 Rxa1+ 36. Ke2 Rh1 37. Rd3 Bc5 38. Rd1 Rh4 39. Kf3 e5 40. Bg5 Rh5 41. g4 1-0

[Event "Roosendaal LBV op-A"]
[Site "Roosendaal"]
[Date "2012.08.18"]
[Round "5"]
[White "Van den Doel, Erik"]
[Black "Haslinger, Stewart"]
[Result "1/2-1/2"]
[WhiteElo "2571"]
[BlackElo "2524"]
[PlyCount "66"]
[EventDate "2012.08.16"]
[EventType "swiss"]
[EventRounds "6"]
[EventCountry "NED"]
[SourceTitle "CBM 150 Extra"]
[Source "ChessBase"]
[SourceDate "2012.10.19"]
[SourceVersion "1"]
[SourceVersionDate "2012.10.19"]
[SourceQuality "1"]

1. e4 d6 2. d4 Nf6 3. Bd3 e5 4. c3 d5 5. dxe5 Nxe4 6. Nd2 Nc6 7. Ngf3 Nc5 8. Bb1 Bg4 9. 0-0 Qd7 10. b4 Ne6 11. Re1 Bh5 12. Nf1 0-0-0 13. Ng3 Bxf3 14. Qxf3 g6 15. b5 Na5 16. Bd3 Bg7 17. Ba3 Nc4 18. Bxc4 dxc4 19. Rab1 Qd5 20. Qe3 Kb8 21. Be7 Rd7 22. Bf6 Bxf6 23. exf6 h5 24. Ne4 Qf5 25. Rb4 Rd3 26. Qc1 Nf4 27. Ng3 Qg4 28. h3 Nxh3+ 29. gxh3 Rxg3+ 30. fxg3 Qxg3+ 31. Kh1 Qxh3+ 32. Kg1 Qg3+ 33. Kh1 Qh3+ 1/2-1/2